पुस्तकालय और समाज / (Record no. 61777)

MARC details
000 -LEADER
fixed length control field 00747nam a22001817a 4500
005 - DATE AND TIME OF LATEST TRANSACTION
control field 2012020202012.0
020 ## - INTERNATIONAL STANDARD BOOK NUMBER
Terms of availability 175.00
International Standard Book Number 8185826137
035 ## - SYSTEM CONTROL NUMBER
System control number B-195669
037 ## - SOURCE OF ACQUISITION
Source of stock number/acquisition
Stock number dpl
082 ## - DEWEY DECIMAL CLASSIFICATION NUMBER
Classification number 020
100 ## - MAIN ENTRY--PERSONAL NAME
Personal name पांडेय, एस.के.शर्मा
245 1# - TITLE STATEMENT
Title पुस्तकालय और समाज /
Statement of responsibility, etc एस.के.शर्मा पांडेय
260 ## - PUBLICATION, DISTRIBUTION, ETC. (IMPRINT)
Place of publication, distribution, etc दिल्ली
Name of publisher, distributor, etc ग्रंथ अकादमी
Date of publication, distribution, etc 2004
270 ## - ADDRESS
Address
City
Postal code
Telephone number
300 ## - PHYSICAL DESCRIPTION
Extent 203पृ.
Dimensions 22सेमी (सजिल्द)
942 ## - ADDED ENTRY ELEMENTS (KOHA)
Institution code [OBSOLETE] dpl
Item type Hindi Books
Call number prefix
Source of classification or shelving scheme Dewey Decimal Classification
Classification part 020
Call number suffix पांडेय
Holdings
Withdrawn status Lost status Not for loan Collection code Home library Current library Date acquired Cost, normal purchase price Full call number Barcode Cost, replacement price Koha item type
      Non-fiction Sarojini Nagar Sarojini Nagar 02/02/2012 175.00 020 पांडेय B-195669 175.00 Hindi Books

© Delhi Public Library
Hit Counter
free hit counter